Statistics for 樺太庁の市町村

Click here to take the quiz!

General Stats

  • This quiz has been taken 30 times
  • The average score is 14 of 42

Answer Stats

HintAnswer% Correct
-豊原市
96%
敷香郡敷香町
85%
大泊郡大泊町
81%
真岡郡真岡町
81%
恵須取郡恵須取町
73%
本斗郡本斗町
69%
泊居郡泊居町
69%
留多加郡留多加町
69%
元泊郡元泊村
65%
名好郡名好町
62%
豊栄郡落合村
46%
豊栄郡豊北村
46%
豊栄郡栄浜村
42%
泊居郡名寄村
38%
敷香郡散江村
35%
恵須取郡塔路町
31%
真岡郡広地村
27%
大泊郡長浜村
27%
本斗郡内幌町
27%
敷香郡内路村
27%
豊栄郡川上村
27%
大泊郡知床村
27%
大泊郡富内村
27%
真岡郡清水村
27%
元泊郡知取町
23%
泊居郡久春内村
23%
真岡郡小能登呂村
19%
恵須取郡珍内町
19%
真岡郡野田町
19%
豊栄郡白縫村
19%
真岡郡蘭泊村
15%
本斗郡海馬村
15%
敷香郡泊岸村
15%
留多加郡能登呂村
15%
大泊郡深海村
12%
名好郡西柵丹村
12%
大泊郡遠淵村
8%
大泊郡千歳村
8%
留多加郡三郷村
4%
恵須取郡鵜城村
4%
元泊郡帆寄村
4%
本斗郡好仁村
4%

Score Distribution

Percentile by Number Answered

Percent of People with Each Score

Your Score History

You have not taken this quiz